<?xml version="1.0" encoding="UTF-8"?>
<record
    xmlns:xsi="http://www.w3.org/2001/XMLSchema-instance"
    xsi:schemaLocation="http://www.loc.gov/MARC21/slim http://www.loc.gov/standards/marcxml/schema/MARC21slim.xsd"
    xmlns="http://www.loc.gov/MARC21/slim">

  <leader>01933cam a2200385Ia 4500</leader>
  <controlfield tag="001">5347351</controlfield>
  <controlfield tag="003">&#xD1;MKJUIO</controlfield>
  <controlfield tag="005">20220326193249.0</controlfield>
  <controlfield tag="008">050527s2004    nyua     b    000 0 eng d</controlfield>
  <datafield tag="010" ind1=" " ind2=" ">
    <subfield code="a">  2003068828</subfield>
  </datafield>
  <datafield tag="020" ind1=" " ind2=" ">
    <subfield code="a">0944521770</subfield>
  </datafield>
  <datafield tag="035" ind1=" " ind2=" ">
    <subfield code="a">(OCoLC)ocm60502818</subfield>
  </datafield>
  <datafield tag="035" ind1=" " ind2=" ">
    <subfield code="a">(NNC)5347351</subfield>
  </datafield>
  <datafield tag="040" ind1=" " ind2=" ">
    <subfield code="a">RSD</subfield>
    <subfield code="c">RSD</subfield>
    <subfield code="d">YDM</subfield>
    <subfield code="d">NNC</subfield>
  </datafield>
  <datafield tag="082" ind1=" " ind2=" ">
    <subfield code="a">707</subfield>
    <subfield code="b">L523l3</subfield>
  </datafield>
  <datafield tag="090" ind1=" " ind2=" ">
    <subfield code="a">N6490</subfield>
    <subfield code="b">.R576 2004</subfield>
  </datafield>
  <datafield tag="100" ind1=" " ind2=" ">
    <subfield code="a">Lehman, Robert</subfield>
    <subfield code="9">460</subfield>
  </datafield>
  <datafield tag="245" ind1="0" ind2="0">
    <subfield code="a">Robert Lehman lectures on contemporary art /</subfield>
    <subfield code="c">edited by Lynne Cooke and Karen Kelly with Bettina Funcke.</subfield>
  </datafield>
  <datafield tag="260" ind1=" " ind2=" ">
    <subfield code="a">New York :</subfield>
    <subfield code="b">DIA Art Foundation,</subfield>
    <subfield code="c">c2004.</subfield>
  </datafield>
  <datafield tag="300" ind1=" " ind2=" ">
    <subfield code="a">222 p. :</subfield>
    <subfield code="b">ill. (some col.) ;</subfield>
    <subfield code="c">21 cm.</subfield>
  </datafield>
  <datafield tag="490" ind1="1" ind2=" ">
    <subfield code="a">Robert Lehman lectures on contemporary art</subfield>
  </datafield>
  <datafield tag="490" ind1="1" ind2=" ">
    <subfield code="a">Dia Art Foundation, New York ;</subfield>
    <subfield code="v">no. 3</subfield>
  </datafield>
  <datafield tag="504" ind1=" " ind2=" ">
    <subfield code="a">Includes bibliographical references.</subfield>
  </datafield>
  <datafield tag="505" ind1="0" ind2=" ">
    <subfield code="a">Leonardo da Vinci, Marcel Duchamp, and Joseph Beuys / Pamela Kort -- Robert Irwin and the condoition of twilight / Jonathan Crary -- Andy Warhol: shadows / exhibition text by Lynne Cooke to preface Victor I. Stoichita -- Beyond the Peter Pan complex: Warhol's shadows / Victor I. Stoichita -- Douglas Gordon's 'left is right and right is wrong and left is wrong and right is right' / Elaine Showalter -- Stan Douglas's Win, Place, or Show / B&#xE9;r&#xE9;nice Reynaud -- The case of Thomas Sch&#xFC;tte / Boris Groys -- Rodney Graham's black box treatment / Jan Tumlir -- Myth of the West / Peter Wollen.</subfield>
  </datafield>
  <datafield tag="650" ind1=" " ind2="0">
    <subfield code="a">Art, Modern</subfield>
    <subfield code="y">20th century.</subfield>
    <subfield code="9">121</subfield>
  </datafield>
  <datafield tag="650" ind1=" " ind2="0">
    <subfield code="a">Art, Modern</subfield>
    <subfield code="y">21st century.</subfield>
    <subfield code="9">461</subfield>
  </datafield>
  <datafield tag="651" ind1=" " ind2=" ">
    <subfield code="a">Arte moderno</subfield>
    <subfield code="v">Historia</subfield>
    <subfield code="v">Educaci&#xF3;n - investigaci&#xF3;n</subfield>
    <subfield code="y">S. XX</subfield>
    <subfield code="9">564</subfield>
  </datafield>
  <datafield tag="700" ind1="1" ind2=" ">
    <subfield code="a">Cooke, Lynne.</subfield>
    <subfield code="9">462</subfield>
  </datafield>
  <datafield tag="700" ind1="1" ind2=" ">
    <subfield code="a">Kelly, Karen J.,</subfield>
    <subfield code="d">1964-</subfield>
    <subfield code="9">463</subfield>
  </datafield>
  <datafield tag="700" ind1="1" ind2=" ">
    <subfield code="a">Funcke, Bettina.</subfield>
    <subfield code="9">464</subfield>
  </datafield>
  <datafield tag="710" ind1="2" ind2=" ">
    <subfield code="a">Dia Art Foundation.</subfield>
    <subfield code="9">465</subfield>
  </datafield>
  <datafield tag="830" ind1=" " ind2="0">
    <subfield code="a">Robert Lehman lectures on contemporary art ;</subfield>
    <subfield code="v">v. 3.</subfield>
    <subfield code="9">466</subfield>
  </datafield>
  <datafield tag="830" ind1=" " ind2="0">
    <subfield code="a">Dia Center for the Arts, New York (Series) ;</subfield>
    <subfield code="v">no. 3.</subfield>
    <subfield code="9">467</subfield>
  </datafield>
  <datafield tag="999" ind1=" " ind2=" ">
    <subfield code="c">91</subfield>
    <subfield code="d">91</subfield>
  </datafield>
  <datafield tag="952" ind1=" " ind2=" ">
    <subfield code="0">0</subfield>
    <subfield code="1">0</subfield>
    <subfield code="2">ddc</subfield>
    <subfield code="4">0</subfield>
    <subfield code="7">0</subfield>
    <subfield code="a">LV</subfield>
    <subfield code="b">LV</subfield>
    <subfield code="c">Pensamiento</subfield>
    <subfield code="d">2014-05-03</subfield>
    <subfield code="l">0</subfield>
    <subfield code="o">707 L523l3</subfield>
    <subfield code="p">000107</subfield>
    <subfield code="r">2014-05-03 00:00:00</subfield>
    <subfield code="w">2014-05-03</subfield>
    <subfield code="y">01</subfield>
  </datafield>
</record>
